[Event "BCF-chT1d 1415 (4NCL) Demotion pool"]
[Site "England"]
[Date "2015.05.02"]
[Round "9.166"]
[White "Cenal Gutierrez, Ruben"]
[Black "Zeidler, Sven P"]
[Result "1-0"]
[WhiteElo "2290"]
[BlackElo "2229"]
[PlyCount "59"]
[EventDate "2014.11.15"]
[EventType "team-tourn"]
[EventRounds "4"]
[EventCountry "ENG"]
[SourceTitle "EXT 2023"]
[Source "ChessBase"]
[SourceDate "2022.10.05"]
[SourceVersion "1"]
[SourceVersionDate "2022.10.05"]
[SourceQuality "1"]
[WhiteTeam "Hackney"]
[BlackTeam "South Wales Dragons"]
[WhiteTeamCountry "ENG"]
[BlackTeamCountry "ENG"]

1. d4 f5 2. e4 fxe4 3. Nc3 Nf6 4. Bg5 c6 5. f3 Qa5 6. Qd2 e5 7. dxe5 Qxe5 8. Bxf6 Qxf6 9. fxe4 Bb4 10. Nf3 d5 11. exd5 Bg4 12. Be2 0-0 13. 0-0 Qd6 14. Rad1 Qc5+ 15. Kh1 Bxc3 16. bxc3 Qxd5 17. Qe3 Qh5 18. Bc4+ Kh8 19. Ne5 Nd7 20. Nxg4 Qxg4 21. Be6 Qa4 22. Bxd7 Qxc2 23. Be6 Rf6 24. Bb3 Qg6 25. Qxa7 Raf8 26. Rxf6 Qxf6 27. Qd4 Qe7 28. h3 c5 29. Qd6 Rf1+ 30. Kh2 1-0

[Event "BCF-chT1b 1415 (4NCL)"]
[Site "England"]
[Date "2015.03.28"]
[Round "7.165"]
[White "Williams, Simon Kim"]
[Black "Cenal Gutierrez, Ruben"]
[Result "0-1"]
[WhiteElo "2429"]
[BlackElo "2216"]
[PlyCount "48"]
[EventDate "2014.11.15"]
[EventType "team-swiss"]
[EventRounds "11"]
[EventCountry "ENG"]
[SourceTitle "EXT 2016"]
[Source "ChessBase"]
[SourceDate "2015.10.08"]
[SourceVersion "1"]
[SourceVersionDate "2015.10.08"]
[SourceQuality "1"]
[WhiteTeam "Cheddleton"]
[BlackTeam "Hackney"]
[WhiteTeamCountry "ENG"]
[BlackTeamCountry "ENG"]

1. d4 e6 2. Nf3 Nf6 3. c4 d5 4. Nc3 Be7 5. Bf4 0-0 6. e3 c6 7. Qc2 b6 8. h4 Nbd7 9. 0-0-0 Bb7 10. Ng5 Re8 11. e4 dxe4 12. Ncxe4 Nxe4 13. Qxe4 Nf8 14. Bd3 Qc8 15. Qf3 c5 16. Qh5 g6 17. Qh6 Bf6 18. h5 Bg7 19. hxg6 fxg6 20. Bxg6 Bxh6 21. Bf7+ Kh8 22. Be5+ Bg7 23. Rxh7+ Nxh7 24. Rh1 Be4 0-1

[Event "BCF-chT1b 1415 (4NCL)"]
[Site "England"]
[Date "2015.02.14"]
[Round "5.184"]
[White "Cenal Gutierrez, Ruben"]
[Black "Sowray, Peter John"]
[Result "0-1"]
[WhiteElo "2216"]
[BlackElo "2308"]
[PlyCount "48"]
[EventDate "2014.11.15"]
[EventType "team-swiss"]
[EventRounds "11"]
[EventCountry "ENG"]
[SourceTitle "EXT 2016"]
[Source "ChessBase"]
[SourceDate "2015.10.08"]
[SourceVersion "1"]
[SourceVersionDate "2015.10.08"]
[SourceQuality "1"]
[WhiteTeam "Hackney"]
[BlackTeam "e2e4.org.uk"]
[WhiteTeamCountry "ENG"]
[BlackTeamCountry "ENG"]

1. e4 e5 2. Nf3 Nc6 3. d4 exd4 4. Nxd4 Nf6 5. Nc3 Bb4 6. Nxc6 bxc6 7. e5 Qe7 8. Qe2 Nd5 9. Bd2 Nxc3 10. bxc3 Bc5 11. f4 0-0 12. Be3 d5 13. Bd4 Bf5 14. Qf2 Bxd4 15. cxd4 Rab8 16. Qd2 f6 17. Bd3 fxe5 18. dxe5 Qc5 19. Rf1 Bxd3 20. cxd3 Qd4 21. Rc1 Rb2 22. Rc2 Rb1+ 23. Rc1 Rfb8 24. Ke2 R1b2 0-1

[Event "ESP-chT CECLUB Div2"]
[Site "Linares"]
[Date "2014.08.22"]
[Round "6.5"]
[White "Capel Fernandez, Manuel"]
[Black "Cenal Gutierrez, Ruben"]
[Result "0-1"]
[WhiteElo "1894"]
[BlackElo "2224"]
[PlyCount "78"]
[EventDate "2014.08.18"]
[EventType "team-swiss"]
[EventRounds "6"]
[EventCountry "ESP"]
[SourceTitle "CBM 162 Extra"]
[Source "ChessBase"]
[SourceDate "2014.10.17"]
[SourceVersion "1"]
[SourceVersionDate "2014.10.17"]
[SourceQuality "1"]
[WhiteTeam "Albox Reverte"]
[BlackTeam "Covadonga Cultura"]
[WhiteTeamCountry "ESP"]
[BlackTeamCountry "ESP"]

1. e4 e5 2. Nf3 Nc6 3. Bb5 a6 4. Ba4 Nf6 5. 0-0 d6 6. Bxc6+ bxc6 7. d4 exd4 8. Nxd4 c5 9. Nb3 Be7 10. Nc3 0-0 11. Bf4 a5 12. e5 dxe5 13. Bxe5 a4 14. Nd2 Ng4 15. Bg3 f5 16. Nf3 f4 17. Qxd8 Bxd8 18. Bh4 Bxh4 19. Nxh4 a3 20. b3 Bb7 21. Rad1 c4 22. Nd5 cxb3 23. cxb3 Ra5 24. Ne7+ Kh8 25. Rd4 Ne5 26. Rfd1 g6 27. Nd5 f3 28. Nxc7 Kg8 29. b4 Ra7 30. Ne6 Re8 31. Rd8 Rxd8 32. Rxd8+ Kf7 33. Ng5+ Ke7 34. Rh8 Kf6 35. Nhxf3 Nxf3+ 36. Nxf3 Bd5 37. b5 Bxa2 38. Rb8 Bd5 39. b6 a2 0-1

[Event "ESP-chT CECLUB Div2"]
[Site "Linares"]
[Date "2014.08.19"]
[Round "3.1"]
[White "Fontana Sotomayour, Luis Javier"]
[Black "Cenal Gutierrez, Ruben"]
[Result "1-0"]
[WhiteElo "2308"]
[BlackElo "2224"]
[PlyCount "47"]
[EventDate "2014.08.18"]
[EventType "team-swiss"]
[EventRounds "6"]
[EventCountry "ESP"]
[SourceTitle "CBM 162 Extra"]
[Source "ChessBase"]
[SourceDate "2014.10.17"]
[SourceVersion "1"]
[SourceVersionDate "2014.10.17"]
[SourceQuality "1"]
[WhiteTeam "Jaime Casas"]
[BlackTeam "Covadonga Cultura"]
[WhiteTeamCountry "ESP"]
[BlackTeamCountry "ESP"]

1. d4 d5 2. Nf3 Nf6 3. e3 e6 4. Bd3 c5 5. b3 Nc6 6. Bb2 cxd4 7. exd4 Qc7 8. a3 Bd6 9. 0-0 0-0 10. Re1 Re8 11. Ne5 Bf8 12. f4 g6 13. Nd2 Bh6 14. g3 b6 15. Qe2 a5 16. Ndf3 Bb7 17. Rac1 Rac8 18. Bb5 Re7 19. c4 dxc4 20. Rxc4 Qd6 21. Nxc6 Bxc6 22. Qe5 Qd7 23. Rxc6 Rxc6 24. Qxf6 1-0

[Event "BCF-chT3 1213 (4NCL)"]
[Site "England"]
[Date "2013.05.06"]
[Round "11.55"]
[White "Cenal Gutierrez, Ruben"]
[Black "Lim, Zhuo Ren"]
[Result "1-0"]
[WhiteElo "2233"]
[BlackElo "2164"]
[PlyCount "63"]
[EventDate "2012.11.03"]
[EventType "team-swiss"]
[EventRounds "11"]
[EventCountry "ENG"]
[SourceTitle "EXT 2014"]
[Source "ChessBase"]
[SourceDate "2013.11.20"]
[SourceVersion "1"]
[SourceVersionDate "2013.11.20"]
[SourceQuality "1"]
[WhiteTeam "Hackney"]
[BlackTeam "Sussex Smart Survivors"]
[WhiteTeamCountry "ENG"]
[BlackTeamCountry "ENG"]

1. d4 Nf6 2. Nf3 c5 3. c3 g6 4. dxc5 a5 5. a4 Na6 6. Be3 Bg7 7. Bd4 0-0 8. e3 Re8 9. Na3 b6 10. cxb6 d6 11. e4 Bb7 12. Bb5 e5 13. Be3 Nxe4 14. Nc4 Nac5 15. Bxc5 dxc5 16. Qxd8 Rexd8 17. 0-0 Nd6 18. Nfxe5 Bd5 19. Rfd1 Bxe5 20. Nxe5 Bb3 21. Nc6 Bxd1 22. Rxd1 Rd7 23. b7 Rxb7 24. Rxd6 Kg7 25. Kf1 Rc7 26. Rd5 c4 27. Rc5 Rd7 28. Nd4 Re7 29. Rxc4 Rd8 30. g3 Re4 31. Rc5 Rb8 32. Rc7 1-0

[Event "ESP-chT CECLUB Div2 Gp1"]
[Site "Padron"]
[Date "2011.08.12"]
[Round "4"]
[White "Cenal Gutierrez, Ruben"]
[Black "Reinaldo Castineira, Roi"]
[Result "1-0"]
[WhiteElo "2276"]
[BlackElo "2492"]
[PlyCount "65"]
[EventDate "2011.08.10"]
[EventType "team-swiss"]
[EventRounds "6"]
[EventCountry "ESP"]
[SourceTitle "CBM 143 Extra"]
[Source "ChessBase"]
[SourceDate "2011.08.29"]
[SourceVersion "1"]
[SourceVersionDate "2011.08.29"]
[SourceQuality "1"]
[WhiteTeam "Cultura Covadonga"]
[BlackTeam "San Juan"]
[WhiteTeamCountry "ESP"]
[BlackTeamCountry "ESP"]

1. e4 Nf6 2. Nc3 d5 3. exd5 Nxd5 4. d4 Nxc3 5. bxc3 g6 6. Nf3 Bg7 7. Bd3 0-0 8. 0-0 c5 9. dxc5 Qa5 10. Rb1 Qxc5 11. c4 e5 12. Re1 Qc7 13. Ba3 Rd8 14. Rb5 Nc6 15. Qb1 Bg4 16. Rxb7 Qa5 17. Be4 Bxf3 18. Bxf3 Rac8 19. Bxc6 Rxc6 20. Bb4 Qa6 21. Be7 Re8 22. Qb5 Rec8 23. a3 h5 24. h3 Rb6 25. Qxa6 Rxa6 26. Rd1 Rxc4 27. Rd8+ Kh7 28. Bg5 Rd4 29. Rc8 e4 30. Rxf7 Rd1+ 31. Kh2 Rd5 32. Rcc7 Rdd6 33. Rc8 1-0

[Event "ESP-ch Autonomicas"]
[Site "Gijon"]
[Date "2011.04.29"]
[Round "1.3"]
[White "Garcia Castro, Pablo"]
[Black "Cenal Gutierrez, Ruben"]
[Result "1-0"]
[WhiteElo "2399"]
[BlackElo "2291"]
[PlyCount "63"]
[EventDate "2011.04.29"]
[EventType "team-swiss"]
[EventRounds "6"]
[EventCountry "ESP"]
[SourceTitle "CBM 142 Extra"]
[Source "ChessBase"]
[SourceDate "2011.06.27"]
[SourceVersion "1"]
[SourceVersionDate "2011.06.27"]
[SourceQuality "1"]
[WhiteTeam "Galicia"]
[BlackTeam "Asturias II"]
[WhiteTeamCountry "ESP"]
[BlackTeamCountry "ESP"]

1. g3 d5 2. c4 dxc4 3. Bg2 c6 4. Nf3 Nf6 5. Qc2 Qc7 6. Na3 e5 7. Nxc4 Nbd7 8. 0-0 b5 9. Ncxe5 Bb7 10. d4 Bd6 11. Bf4 Nd5 12. Nxf7 Nxf4 13. Nxh8 Nxg2 14. Qxh7 Nf8 15. Qe4+ Qe7 16. Qxe7+ Kxe7 17. Kxg2 c5 18. dxc5 Be5 19. e4 Bxb2 20. Rab1 Bf6 21. c6 Bxc6 22. Rbc1 Rc8 23. e5 Bxe5 24. Rxc6 Rxc6 25. Nxe5 Ra6 26. Rb1 Rb6 27. f4 Ne6 28. Rd1 a5 29. Rd7+ Ke8 30. Nhg6 a4 31. Ra7 Nc5 32. Ra8+ 1-0

[Event "ESP-chT CECLUB Norte Div 1"]
[Site "Sabadell"]
[Date "2007.08.16"]
[Round "2"]
[White "Cenal Gutierrez, Ruben"]
[Black "Cots Paltor, Jordi"]
[Result "1-0"]
[WhiteElo "2291"]
[BlackElo "2109"]
[PlyCount "43"]
[EventDate "2007.08.15"]
[EventType "team"]
[EventRounds "6"]
[EventCountry "ESP"]
[SourceTitle "CBM 119 Extra"]
[Source "ChessBase"]
[SourceDate "2007.09.04"]
[SourceVersion "1"]
[SourceVersionDate "2007.09.04"]
[SourceQuality "1"]

1. e4 d5 2. exd5 Qxd5 3. Nc3 Qa5 4. d4 Nf6 5. Nf3 Bf5 6. Ne5 Nbd7 7. Nc4 Qa6 8. d5 Ne4 9. Nb5 Kd8 10. a4 Qf6 11. Bf4 e5 12. dxe6 Bxe6 13. Qf3 c6 14. Qxe4 cxb5 15. Ne5 Bd6 16. 0-0-0 Bxe5 17. Bxe5 Qf5 18. Qxf5 Bxf5 19. Bxb5 f6 20. Bg3 a6 21. Be2 Rc8 22. Rd2 1-0

[Event "ESP-chT1a Norte"]
[Site "Barcelona"]
[Date "2006.08.19"]
[Round "5.10"]
[White "Cenal Gutierrez, Ruben"]
[Black "Ruiz Marana, Alejandro"]
[Result "1-0"]
[WhiteElo "2266"]
[BlackElo "2130"]
[PlyCount "141"]
[EventDate "2006.08.16"]
[EventType "team"]
[EventRounds "6"]
[EventCountry "ESP"]
[SourceTitle "EXT 2007"]
[Source "ChessBase"]
[SourceDate "2006.11.23"]
[SourceVersion "1"]
[SourceVersionDate "2006.11.23"]
[SourceQuality "1"]

1. e4 c6 2. d4 d5 3. exd5 cxd5 4. c4 Nf6 5. Nc3 Be6 6. c5 Nc6 7. Nf3 g6 8. Bb5 Bg7 9. Bf4 0-0 10. Bxc6 bxc6 11. Qa4 Qc8 12. 0-0 Qb7 13. b4 Ne4 14. Rac1 Rfe8 15. h3 Bf5 16. Rfe1 f6 17. Qb3 Kh8 18. Nxe4 Bxe4 19. Nd2 Bf5 20. Qc3 g5 21. Bh2 g4 22. hxg4 Bxg4 23. Bf4 Rg8 24. b5 Rae8 25. bxc6 Qxc6 26. Re3 Qd7 27. Rce1 e5 28. c6 Qf5 29. Bg3 Bh6 30. dxe5 Bxe3 31. Rxe3 Rgf8 32. c7 fxe5 33. Rxe5 Rxe5 34. Bxe5+ Kg8 35. f3 Bh5 36. Bd6 Re8 37. g4 Bxg4 38. fxg4 Qxg4+ 39. Qg3 Qxg3+ 40. Bxg3 Kf7 41. Nf3 Ke6 42. Kf2 Kd7 43. Nd4 a6 44. Nb3 Kc6 45. Kf3 h5 46. Nd4+ Kb7 47. a4 a5 48. Nb5 Rf8+ 49. Ke3 Kc6 50. Bh4 Kd7 51. Bg5 Rg8 52. Bh4 d4+ 53. Kd3 Rg4 54. Bd8 Rg8 55. Nd6 Rxd8 56. cxd8Q+ Kxd8 57. Nf5 Kc7 58. Kxd4 Kb6 59. Kd5 Kb7 60. Kc5 Ka6 61. Kc6 Ka7 62. Kb5 Ka8 63. Ka6 Kb8 64. Kb6 Kc8 65. Kxa5 Kc7 66. Kb5 Kc8 67. Kb6 Kb8 68. a5 Kc8 69. a6 Kb8 70. a7+ Ka8 71. Ne7 1-0

[Event "ESP-chT Premier North"]
[Site "Barcelona"]
[Date "2005.08.13"]
[Round "4"]
[White "Cenal Gutierrez, Ruben"]
[Black "Randazzo, Adrian"]
[Result "1-0"]
[WhiteElo "2248"]
[BlackElo "2262"]
[PlyCount "57"]
[EventDate "2005.08.01"]
[EventType "team"]
[EventRounds "6"]
[EventCountry "ESP"]
[SourceTitle "CBM 107 Extra"]
[Source "ChessBase"]
[SourceDate "2005.09.01"]
[SourceVersion "1"]
[SourceVersionDate "2005.09.01"]
[SourceQuality "1"]

1. e4 c5 2. c3 d5 3. exd5 Qxd5 4. d4 Nf6 5. Nf3 Bg4 6. Qa4+ Bd7 7. Qb3 Qxb3 8. axb3 Nc6 9. dxc5 e5 10. b4 e4 11. Nd4 Nxd4 12. cxd4 Nd5 13. Bd2 f5 14. Bc4 Be6 15. Nc3 Nxb4 16. Bxe6 Nc2+ 17. Kd1 Nxa1 18. Kc1 Rd8 19. Nb5 Be7 20. Bf4 Kf8 21. Kb1 a6 22. Nd6 Bxd6 23. cxd6 h6 24. Kxa1 g6 25. Rc1 Rh7 26. Rc7 Ra8 27. Be5 Rh8 28. Rf7+ Ke8 29. d7+ 1-0

[Event "ESP-chT Premier North"]
[Site "Barcelona"]
[Date "2005.08.12"]
[Round "3"]
[White "Cenal Gutierrez, Ruben"]
[Black "Obon Temprano, Sergi"]
[Result "1-0"]
[WhiteElo "2248"]
[BlackElo "2173"]
[PlyCount "99"]
[EventDate "2005.08.01"]
[EventType "team"]
[EventRounds "6"]
[EventCountry "ESP"]
[SourceTitle "CBM 107 Extra"]
[Source "ChessBase"]
[SourceDate "2005.09.01"]
[SourceVersion "1"]
[SourceVersionDate "2005.09.01"]
[SourceQuality "1"]

1. d4 d5 2. c4 c6 3. Nc3 Nf6 4. cxd5 cxd5 5. Qb3 e6 6. Nf3 a6 7. Bg5 Nbd7 8. e3 Be7 9. Bd3 Qb6 10. Qc2 h6 11. Bh4 0-0 12. g4 Qd8 13. h3 Ne8 14. Bxe7 Qxe7 15. 0-0-0 b5 16. Kb1 Nb6 17. h4 b4 18. Na4 Nxa4 19. Qxa4 Bd7 20. Qa5 Nd6 21. Qxb4 Rab8 22. Qa3 Bb5 23. Ne5 Qc7 24. Qc5 Bxd3+ 25. Nxd3 Qe7 26. Rc1 Rb5 27. Qc7 Qxc7 28. Rxc7 Rfb8 29. Rhc1 Nc4 30. b3 Ra5 31. Nc5 Nd2+ 32. Kb2 Nc4+ 33. Ka1 Nd2 34. Rc3 Rab5 35. Nxa6 R8b6 36. R3c6 Nf3 37. Rxb6 Rxb6 38. Rc8+ Kh7 39. Nc5 Nxh4 40. a4 Nf3 41. Kb2 Nd2 42. Kc3 Nb1+ 43. Kd3 f5 44. f3 Kg6 45. Rc7 fxg4 46. fxg4 Na3 47. e4 dxe4+ 48. Kxe4 Nc2 49. Nd7 Rd6 50. Ne5+ 1-0

[Event "Asturias-chT Preferente 0304"]
[Site "Asturias"]
[Date "2003.12.27"]
[Round "7"]
[White "Perez Diaz, Manuel Amador"]
[Black "Cenal Gutierrez, Ruben"]
[Result "1/2-1/2"]
[WhiteElo "1913"]
[BlackElo "2027"]
[PlyCount "86"]
[EventDate "2003.??.??"]
[EventType "team"]
[EventRounds "7"]
[EventCountry "ESP"]
[SourceTitle "EXT 2007"]
[Source "ChessBase"]
[SourceDate "2006.11.23"]
[SourceVersion "1"]
[SourceVersionDate "2006.11.23"]
[SourceQuality "1"]

1. d4 d5 2. Nf3 Nf6 3. c4 e6 4. Bg5 Be7 5. Nc3 0-0 6. e3 Nbd7 7. Qc2 b6 8. Rc1 c5 9. cxd5 Nxd5 10. Bxe7 Qxe7 11. Nxd5 exd5 12. Bd3 g6 13. Qa4 cxd4 14. Qxd4 Nc5 15. Be2 Bf5 16. 0-0 Qe4 17. Rfd1 Rfd8 18. Ng5 Qxd4 19. exd4 Ne6 20. Nxe6 Bxe6 21. Ba6 Bc8 22. Bb5 Bd7 23. Bc6 Bxc6 24. Rxc6 Rac8 25. Rdc1 Rxc6 26. Rxc6 Rd7 27. Rc8+ Kg7 28. f3 Kf6 29. Rc6+ Ke7 30. Kf2 Rd6 31. Rc7+ Rd7 32. Rxd7+ Kxd7 33. Kg3 Ke6 34. Kg4 h6 35. h4 f5+ 36. Kf4 Kf6 37. g3 g5+ 38. hxg5+ hxg5+ 39. Ke3 Ke6 40. Kd3 Kd6 41. Kc3 Kc6 42. Kb4 a6 43. a4 a5+ 1/2-1/2

[Event "Asturias-chT Preferente 0304"]
[Site "Asturias"]
[Date "2003.11.29"]
[Round "4"]
[White "Cabo Alvarez, Christian"]
[Black "Cenal Gutierrez, Ruben"]
[Result "1/2-1/2"]
[WhiteElo "1996"]
[BlackElo "2027"]
[PlyCount "100"]
[EventDate "2003.??.??"]
[EventType "team"]
[EventRounds "7"]
[EventCountry "ESP"]
[SourceTitle "EXT 2007"]
[Source "ChessBase"]
[SourceDate "2006.11.23"]
[SourceVersion "1"]
[SourceVersionDate "2006.11.23"]
[SourceQuality "1"]

1. e4 c5 2. Nc3 Nc6 3. f4 d6 4. Nf3 Nf6 5. Bb5 Bd7 6. d3 a6 7. Bxc6 Bxc6 8. 0-0 g6 9. Qe1 Bg7 10. Qh4 Qc7 11. e5 Bxf3 12. exd6 Qxd6 13. Rxf3 0-0 14. Be3 b6 15. f5 h5 16. fxg6 fxg6 17. h3 Nh7 18. Raf1 Bd4 19. Bxd4 cxd4 20. Ne4 Qe5 21. Nd2 Rxf3 22. Nxf3 Qe3+ 23. Kh1 e5 24. Re1 Qf4 25. Qxf4 exf4 26. Nxd4 Rd8 27. c3 Rd6 28. Re6 Rxe6 29. Nxe6 g5 30. Kg1 Kf7 31. Nd4 Kf6 32. Kf2 g4 33. hxg4 hxg4 34. Nc6 Ke6 35. d4 Nf6 36. Ne5 Kd5 37. Ke2 Ke4 38. b3 b5 39. Nd3 f3+ 40. gxf3+ gxf3+ 41. Kd2 Ng4 42. Nc5+ Kf4 43. d5 Ke5 44. c4 bxc4 45. bxc4 Kd4 46. Nxa6 Kxc4 47. d6 Ne5 48. Nb8 Kb4 49. d7 Nxd7 50. Nxd7 Ka3 1/2-1/2

[Event "Asturias-chT Preferente 0304"]
[Site "Asturias"]
[Date "2003.11.15"]
[Round "2"]
[White "Arias Torio, Sergio"]
[Black "Cenal Gutierrez, Ruben"]
[Result "0-1"]
[WhiteElo "2144"]
[BlackElo "2027"]
[PlyCount "90"]
[EventDate "2003.??.??"]
[EventType "team"]
[EventRounds "7"]
[EventCountry "ESP"]
[SourceTitle "EXT 2007"]
[Source "ChessBase"]
[SourceDate "2006.11.23"]
[SourceVersion "1"]
[SourceVersionDate "2006.11.23"]
[SourceQuality "1"]

1. d4 f5 2. g3 g6 3. Bg2 Bg7 4. Nf3 d6 5. 0-0 c6 6. c4 e5 7. dxe5 dxe5 8. Qxd8+ Kxd8 9. e4 h6 10. Nc3 Be6 11. exf5 gxf5 12. Rd1+ Nd7 13. Bh3 Ne7 14. Nh4 Kc7 15. b3 Bf6 16. Ng2 h5 17. Ne4 fxe4 18. Bxe6 Nc5 19. Bh3 h4 20. gxh4 Nd3 21. Be3 Rad8 22. Bg4 Bxh4 23. h3 Bf6 24. Rd2 b6 25. Rad1 Rhg8 26. f3 exf3 27. Rxd3 Rxd3 28. Rxd3 fxg2 29. Rd7+ Kb8 30. Kxg2 Nf5 31. Bf2 Nh6 32. Kf3 Nxg4 33. hxg4 Bg5 34. Ke4 Bf4 35. Kf5 Rf8+ 36. Kg6 e4 37. Rf7 Rxf7 38. Kxf7 Bd2 39. Ke8 Kc8 40. Bg3 e3 41. Bf4 Bc1 42. Bg3 e2 43. Kf7 Bd2 44. g5 Bxg5 45. Be1 c5 0-1

[Event "Asturias-chT Preferente 0304"]
[Site "Asturias"]
[Date "2003.11.15"]
[Round "2"]
[White "Garcia Alvarez, Juan Bautista"]
[Black "Cenal Gutierrez, Ruben"]
[Result "0-1"]
[WhiteElo "1927"]
[BlackElo "2027"]
[PlyCount "78"]
[EventDate "2003.??.??"]
[EventType "team"]
[EventRounds "7"]
[EventCountry "ESP"]
[SourceTitle "EXT 2007"]
[Source "ChessBase"]
[SourceDate "2006.11.23"]
[SourceVersion "1"]
[SourceVersionDate "2006.11.23"]
[SourceQuality "1"]

1. e4 c5 2. b4 cxb4 3. d4 d5 4. e5 Nc6 5. a3 Qc7 6. axb4 Nxe5 7. c3 Nc4 8. Bd3 Nf6 9. Ne2 e6 10. 0-0 Bd6 11. g3 0-0 12. Nd2 b5 13. Nf3 Bd7 14. Bf4 Nb2 15. Qc2 Nxd3 16. Qxd3 Ne4 17. Ne5 f6 18. Nxd7 Qxd7 19. f3 Bxf4 20. fxe4 Bc7 21. Ra6 Bb6 22. exd5 Qxd5 23. Nf4 Qd7 24. Qe4 Rfe8 25. Kg2 Rac8 26. d5 Rxc3 27. dxe6 Qd2+ 28. Kh3 Rc2 29. Rh1 Rc4 30. Qf5 Rd4 31. Qxb5 Rxe6 32. Rxb6 axb6 33. Nxe6 Qh6+ 34. Kg2 Qd2+ 35. Kf3 Rd3+ 36. Kg4 Qe2+ 37. Kh4 g5+ 38. Nxg5 Rd4+ 39. Kh3 Qxb5 0-1

[Event "De la Rioja Cup 4th"]
[Site "Logrono"]
[Date "2003.04.06"]
[Round "4.1"]
[White "Cenal Gutierrez, Ruben"]
[Black "Garbisu de Goni, Unai"]
[Result "1-0"]
[WhiteElo "2263"]
[BlackElo "2436"]
[PlyCount "143"]
[EventDate "2003.04.07"]
[EventType "team (rapid)"]
[EventRounds "7"]
[EventCountry "ESP"]
[SourceTitle "EXT 2004"]
[Source "ChessBase"]
[SourceDate "2003.11.25"]
[SourceVersion "1"]
[SourceVersionDate "2003.11.25"]
[SourceQuality "1"]

1. d4 f5 2. Nf3 Nf6 3. g3 g6 4. Bg2 Bg7 5. c4 0-0 6. 0-0 d6 7. Nc3 Nc6 8. d5 Na5 9. Nd2 c5 10. Qc2 a6 11. b3 Rb8 12. Bb2 b5 13. Rab1 Bd7 14. Ba1 Qc7 15. h3 Qc8 16. Kh2 e5 17. dxe6 Bxe6 18. Qd3 Qd8 19. Nd5 Kh8 20. Rfe1 Bg8 21. f4 Nc6 22. a3 Bxd5 23. Bxd5 Qc7 24. e4 fxe4 25. Nxe4 Nxe4 26. Bxg7+ Qxg7 27. Bxc6 Nf6 28. cxb5 axb5 29. Bxb5 d5 30. a4 Ne4 31. Rbc1 Qb7 32. Qe2 Rfd8 33. Qb2+ Qg7 34. Qxg7+ Kxg7 35. Kg2 Kf6 36. Re2 Rb6 37. Kf3 Rc8 38. g4 Rc7 39. Ke3 Nd6 40. Rd2 d4+ 41. Kf2 Nxb5 42. axb5 Rxb5 43. Rxd4 cxd4 44. Rxc7 Rxb3 45. Rxh7 Ke6 46. Rg7 Kf6 47. Rd7 d3 48. Ke3 Ra3 49. Kd2 Ra2+ 50. Kxd3 Ra3+ 51. Ke4 Rxh3 52. Rd6+ Kg7 53. g5 Ra3 54. Rd7+ Kf8 55. Ke5 Ra6 56. Rd6 Ra5+ 57. Kf6 Rf5+ 58. Kxg6 Rxf4 59. Rd8+ Ke7 60. Ra8 Rh4 61. Kg7 Rh2 62. Ra1 Rg2 63. g6 Rh2 64. Re1+ Kd7 65. Kf7 Rf2+ 66. Kg8 Rg2 67. g7 Rh2 68. Re4 Kd6 69. Kf7 Rf2+ 70. Kg6 Rg2+ 71. Kf6 Kd7 72. Re5 1-0

[Event "Asturias-ch Preferente"]
[Site "Norena"]
[Date "2001.03.10"]
[Round "4.2"]
[White "Cenal Gutierrez, Ruben"]
[Black "Arias Rodriguez, Santiago"]
[Result "1-0"]
[WhiteElo "2287"]
[BlackElo "2210"]
[PlyCount "43"]
[EventDate "2001.02.17"]
[EventType "swiss"]
[EventRounds "9"]
[EventCountry "ESP"]
[SourceTitle "EXT 2002"]
[Source "ChessBase"]
[SourceDate "2001.11.25"]
[SourceVersion "1"]
[SourceVersionDate "2001.11.25"]
[SourceQuality "1"]

1. e4 c5 2. Nf3 e6 3. d4 cxd4 4. c3 dxc3 5. Nxc3 Bc5 6. Bc4 Ne7 7. 0-0 0-0 8. Bf4 Ng6 9. Bg3 a6 10. Rc1 Nc6 11. a3 f6 12. b4 Be7 13. Nd5 Nge5 14. Nxe7+ Qxe7 15. Bb3 d6 16. Nd4 Rd8 17. f4 Nf7 18. Rxc6 bxc6 19. Nxc6 Qc7 20. Nxd8 Qxd8 21. f5 e5 22. Bxf7+ 1-0

[Event "Asturias-ch Preferente"]
[Site "Norena"]
[Date "2001.02.24"]
[Round "2.2"]
[White "Cenal Gutierrez, Ruben"]
[Black "Rodriguez Perez, Jose Javier"]
[Result "1/2-1/2"]
[WhiteElo "2287"]
[BlackElo "2066"]
[PlyCount "87"]
[EventDate "2001.02.17"]
[EventType "swiss"]
[EventRounds "9"]
[EventCountry "ESP"]
[SourceTitle "EXT 2002"]
[Source "ChessBase"]
[SourceDate "2001.11.25"]
[SourceVersion "1"]
[SourceVersionDate "2001.11.25"]
[SourceQuality "1"]

1. d4 Nf6 2. c4 c5 3. d5 e5 4. Nc3 d6 5. e4 g6 6. Bd3 h5 7. Nge2 Bh6 8. 0-0 Bxc1 9. Qxc1 a6 10. f4 Nbd7 11. f5 Qe7 12. fxg6 fxg6 13. Bc2 0-0 14. Qg5 Qg7 15. Rf3 Nh7 16. Rxf8+ Ndxf8 17. Qd8 Qd7 18. Qb6 Qe7 19. b4 cxb4 20. Qxb4 Nd7 21. Na4 Nhf6 22. h3 Rb8 23. Nec3 Ne8 24. Nb6 Nxb6 25. Qxb6 Qg5 26. Kh1 Bxh3 27. gxh3 Qg3 28. Nd1 Qxh3+ 29. Kg1 Qg3+ 30. Kf1 Ng7 31. Ke2 Rf8 32. Ne3 Rf2+ 33. Kd3 h4 34. Rb1 Nh5 35. Bd1 Nf4+ 36. Kc3 Ng2 37. Qd8+ Rf8 38. Qxd6 Nxe3 39. Qe6+ Rf7 40. Rxb7 Nxd5+ 41. Kb2 Qf2+ 42. Bc2 Qd4+ 43. Kc1 Qe3+ 44. Kb2 1/2-1/2

[Event "Asturias-chT Preferente 0001"]
[Site "Asturias"]
[Date "2000.11.11"]
[Round "3"]
[White "Pascual Arevalo, Ruben"]
[Black "Cenal Gutierrez, Ruben"]
[Result "1-0"]
[WhiteElo "2259"]
[BlackElo "2280"]
[PlyCount "21"]
[EventDate "2000.10.28"]
[EventType "team"]
[EventRounds "11"]
[EventCountry "ESP"]
[SourceTitle "EXT 2002"]
[Source "ChessBase"]
[SourceDate "2001.11.25"]
[SourceVersion "1"]
[SourceVersionDate "2001.11.25"]
[SourceQuality "1"]

1. Nc3 f5 2. e4 fxe4 3. d3 e3 4. Bxe3 e5 5. Qh5+ Ke7 6. Qxe5+ Kf7 7. d4 Bd6 8. Bc4+ Kf8 9. Qh5 g6 10. Qf3+ Qf6 11. Bh6+ 1-0